000
00188 a2200097 4500
020
_a
9780938317708
041
_a
spa
100
_a
Tejada, Miguel
245
_a
home is Everything
942
_c
BK
999
_c
9903
_d
9903